| 000 | 00497nam a2200157Ia 4500 | ||
|---|---|---|---|
| 008 | 210716s2003 xx 000 0 und d | ||
| 020 | _a9780072492569 | ||
| 041 | _aeng | ||
| 082 | _a658.7 SIMD | ||
| 100 | _aLevi, David Simchi;Kaminsky, Philip;Levi, Edith Simchi. | ||
| 245 |
_aDesigning and managing the supply chain: concepts strategies and cases studies. _bConcepts strategies and case studies. |
||
| 250 | _a2 | ||
| 260 |
_aNew York _bIrwin _c2003 |
||
| 300 | _axxvii,354 | ||
| 650 | _aNone | ||
| 999 |
_c202906 _d202906 |
||